The international road roughness experiment : (Record no. 547712)

000 -LEADER
fixed length control field 00945cam a2200217 a 4500
020 ## - INTERNATIONAL STANDARD BOOK NUMBER
International Standard Book Number 0821305891 (pbk.)
082 00 - DEWEY DECIMAL CLASSIFICATION NUMBER
Classification number 625.80287
Author Mark say
-- L-18, P-68
100 1# - MAIN ENTRY--PERSONAL NAME
Personal name Sayers, M. W.
9 (RLIN) 43781
245 14 - TITLE STATEMENT
Title The international road roughness experiment :
Remainder of title establishing correlation and a calibration standard for measurements /
Statement of responsibility, etc. Michael W. Sayers, Thomas D. Gillespie, and Cesar A.V. Queiroz.
260 ## - PUBLICATION, DISTRIBUTION, ETC.
Place of publication, distribution, etc. Washington, D.C. :
Name of publisher, distributor, etc. World Bank,
Date of publication, distribution, etc. c1986.
300 ## - PHYSICAL DESCRIPTION
Extent ix, 453 p. :
Other physical details ill. ;
Dimensions 28 cm.
500 ## - GENERAL NOTE
General note "A collaborative study undertaken by The University of Michigan Transportation Research Institute ... [et al.]."
526 ## - STUDY PROGRAM INFORMATION NOTE
Program name 0
Interest level 0
Reading level 0
Title point value 625_802870000000000_SAY
650 #0 - SUBJECT ADDED ENTRY--TOPICAL TERM
Topical term or geographic name entry element MCE
9 (RLIN) 379
650 #0 - SUBJECT ADDED ENTRY--TOPICAL TERM
Topical term or geographic name entry element Roads
General subdivision Riding qualities
-- Measurement.
9 (RLIN) 43853
650 #0 - SUBJECT ADDED ENTRY--TOPICAL TERM
Topical term or geographic name entry element Surface roughness
General subdivision Measurement.
9 (RLIN) 43854
700 1# - ADDED ENTRY--PERSONAL NAME
Personal name Gillespie, T. D.
9 (RLIN) 43779
700 1# - ADDED ENTRY--PERSONAL NAME
Personal name Queiroz, Cesar A. V.
9 (RLIN) 43855
710 2# - ADDED ENTRY--CORPORATE NAME
Corporate name or jurisdiction name as entry element University of Michigan.
9 (RLIN) 43856
942 ## - ADDED ENTRY ELEMENTS (KOHA)
Source of classification or shelving scheme
Koha item type Book
Holdings
Withdrawn status Lost status Source of classification or shelving scheme Damaged status Not for loan Permanent Location Current Location Date acquired Total Checkouts Full call number Barcode Date last seen Price effective from Koha item type
          Military College of Engineering (MCE) Military College of Engineering (MCE) 08/05/2014   625.80287 say MCE-25544 08/05/2014 08/05/2014 Book
© 2023 Central Library, National University of Sciences and Technology. All Rights Reserved.